Prácticas de sobrevivencia de las mujeres, principales responsables de familia, en La Unión, los Diques de Cartago /
Bewaard in:
| Hoofdauteur: | |
|---|---|
| Formaat: | Thesis |
| Gepubliceerd in: |
San José :
|
| Onderwerpen: | |
| Tags: |
Voeg label toe
Geen labels, Wees de eerste die dit record labelt!
|
MARC
| LEADER | 00000 a a2200000 04500 | ||
|---|---|---|---|
| 001 | 11482 | ||
| 003 | |||
| 040 | |a CRAI/IIS |c CRAI/IIS | ||
| 090 | |a 13970.00 | ||
| 100 | |a Arce Salazar, Elena | ||
| 245 | |a Prácticas de sobrevivencia de las mujeres, principales responsables de familia, en La Unión, los Diques de Cartago / |c Elena Arce Salazar | ||
| 260 | |a San José : | ||
| 300 | |a xii, 199 páginas | ||
| 300 | |b **no definido** |b il. |b fonodiscos | ||
| 502 | |a Tesis (Licenciatura en Antropología Social) -- Universidad de Costa Rica. Facultad de Ciencias Sociales. Escuela de Antropología y Sociología, 1998 | ||
| 650 | |a MUJERES | ||
| 650 | |a POBREZA | ||
| 650 | |a COMPOSICION FAMILIAR | ||
| 650 | |a INVESTIGACION | ||
| 650 | |a HOGAR | ||
| 650 | |a INGRESOS DE HOGARES | ||
| 650 | |a TRABAJO | ||
| 650 | |a NIÑOS | ||
| 650 | |a POLITICA FAMILIAR | ||
| 650 | |a ESTADO | ||
| 650 | |a SOCIEDAD CIVIL | ||
| 650 | |a ECONOMIA | ||
| 650 | |a TAMAÑO DE LA FAMILIA | ||
| 650 | |a SISTEMAS DE VALORES | ||
| 999 | |c 17938 |d 17938 | ||
